[Event "21st Metro GM"]
[Site "Los Angeles"]
[Date "2012.08.07"]
[Round "9"]
[White "Kretchetov, Alexandre"]
[Black "Khachiyan, Melikset"]
[Result "1/2-1/2"]
[WhiteElo "2343"]
[BlackElo "2478"]
[PlyCount "22"]
[EventDate "2012.08.03"]
[EventType "tourn"]
[EventRounds "9"]
[EventCountry "USA"]
[EventCategory "10"]
[SourceDate "2012.08.19"]

1. Nf3 Nf6 2. c4 g6 3. Nc3 d5 4. cxd5 Nxd5 5. Qa4+ Bd7 6. Qh4 Nxc3 7. dxc3 Nc6
8. e4 e5 9. Bg5 Be7 10. Qh6 Bf6 11. Bc4 Qe7 1/2-1/2

[Event "21st Metro GM"]
[Site "Los Angeles"]
[Date "2012.08.07"]
[Round "9"]
[White "Hess, Robert"]
[Black "Arnold, Marc Tyler"]
[Result "1-0"]
[WhiteElo "2624"]
[BlackElo "2540"]
[PlyCount "59"]
[EventDate "2012.08.03"]
[EventType "tourn"]
[EventRounds "9"]
[EventCountry "USA"]
[EventCategory "10"]
[SourceDate "2012.08.19"]

1. d4 Nf6 2. c4 g6 3. Nc3 Bg7 4. e4 O-O 5. Nf3 d6 6. Be2 Bg4 7. Be3 Nc6 8. O-O
Nd7 9. d5 Bxf3 10. gxf3 Ncb8 11. Qd2 a5 12. Rab1 Nc5 13. Kh1 Nbd7 14. Rg1 e6
15. Rg3 Qe7 16. Bg5 f6 17. Be3 e5 18. Nb5 c6 19. dxc6 bxc6 20. Nxd6 Ne6 21.
Rbg1 Ndc5 22. Nf5 Qf7 23. Bxc5 Nxc5 24. Nh6+ Bxh6 25. Qxh6 Ne6 26. Rxg6+ hxg6
27. Rxg6+ Ng7 28. c5 Ra7 29. b3 Re8 30. Bc4 1-0